[Event "Gibraltar Masters 2015"]
[Site "Caleta ENG"]
[Date "2015.01.29"]
[Round "3.116"]
[White "Henrichsen, Jens"]
[Black "Bohman, Leif"]
[Result "1/2-1/2"]
[WhiteElo "2030"]
[BlackElo "1803"]
[WhiteFideId "1401858"]
[BlackFideId "1710354"]
[EventDate "2015.01.27"]

1. d4 d5 2. c4 c6 3. Nf3 Nf6 4. e3 Bf5 5. Nc3 e6 6. Bd3 Bg6 7. O-O Bd6 8. Qe2
Nbd7 9. e4 dxe4 10. Nxe4 Nxe4 11. Bxe4 Bxe4 12. Qxe4 O-O 13. Bg5 Nf6 14. Qe2 h6
15. Bh4 Be7 16. Rad1 Re8 17. Rd3 Nd7 18. Bg3 Bf6 19. Ne5 Qc8 20. Rfd1 Nf8 21.
Qh5 Re7 22. Ng4 Nh7 23. Be5 Bxe5 24. dxe5 Qc7 25. Nf6+ Kh8 26. Ne4 Rf8 27. Nd6
f6 28. c5 fxe5 29. Qxe5 Nf6 30. Nc4 Nd5 31. a3 Qxe5 32. Nxe5 Kh7 33. g3 g5 34.
Kg2 Kg7 35. h3 Rf5 36. Nc4 e5 37. Nd6 Rf6 38. Re1 Kg6 1/2-1/2

[Event "Gibraltar Masters 2015"]
[Site "Caleta ENG"]
[Date "2015.01.29"]
[Round "3.117"]
[White "Michalowski, Peter"]
[Black "Greibrokk, Ingrid Andrea"]
[Result "1-0"]
[WhiteElo "2024"]
[BlackElo "1758"]
[WhiteFideId "24609978"]
[BlackFideId "1518321"]
[EventDate "2015.01.27"]

1. e4 c5 2. Nf3 d6 3. d4 cxd4 4. Nxd4 Nf6 5. Nc3 g6 6. Be3 Bg7 7. f3 O-O 8. Qd2
Nc6 9. O-O-O d5 10. Nxc6 bxc6 11. Bh6 Qa5 12. Bxg7 Kxg7 13. e5 Nd7 14. h4 h5 15.
g4 d4 16. Qxd4 Qxe5 17. gxh5 Qxd4 18. Rxd4 gxh5 19. Ne4 Ne5 20. Be2 f6 21. f4
Ng4 22. Ng3 Rh8 23. Bf3 Be6 24. f5 Bd5 25. Nxh5+ Rxh5 26. Rxg4+ Kf7 27. Bxd5+
cxd5 28. Rf4 Rc8 29. Rd1 Rc4 30. Rxc4 dxc4 31. Rd4 Rxf5 32. Rxc4 Ra5 33. a4 f5
34. Kd2 e5 35. b3 Kg6 36. Rc7 Kh5 37. Rh7+ Kg6 38. Rc7 Kh5 39. Rh7+ Kg6 40. Rh8
Rc5 41. c4 a5 42. Rb8 Rc6 43. Rb5 e4 44. Ke3 Re6 45. c5 f4+ 46. Ke2 Kh5 47. c6+
Kxh4 48. Rc5 Re8 49. Rxa5 e3 50. Rf5 Kg4 51. Rf7 Rh8 52. c7 Rh2+ 53. Kd3 Rh8 54.
b4 Re8 55. Ke2 Rh8 56. b5 Rh2+ 57. Kd3 Rd2+ 58. Kc3 Rd1 59. Kc2 Rd2+ 60. Kc1 Kg3
61. c8=Q 1-0

[Event "Gibraltar Masters 2015"]
[Site "Caleta ENG"]
[Date "2015.01.29"]
[Round "3.118"]
[White "Machlik, Monika"]
[Black "Bauer, Dieter"]
[Result "1-0"]
[WhiteElo "2015"]
[BlackElo "1728"]
[WhiteFideId "1513621"]
[BlackFideId "4667751"]
[EventDate "2015.01.27"]

1. d4 Nf6 2. c4 e6 3. Nc3 Bb4 4. Qc2 c5 5. dxc5 Bxc5 6. Nf3 d5 7. cxd5 exd5 8.
e3 O-O 9. Be2 Nc6 10. a3 Bg4 11. O-O Rc8 12. Rd1 Re8 13. Nxd5 Nxd5 14. Qxc5 Ncb4
15. Qxa7 Nc2 16. Rb1 Re7 17. Qa4 Bd7 18. Qb3 Nf4 19. Bf1 Ng6 20. Qxb7 Qe8 21.
Qa6 Bc6 22. Nd4 Nxd4 23. Rxd4 Bb7 24. Qb5 Bc6 25. Qb4 Ne5 26. Qd2 Rec7 27. b4
Bb7 28. e4 Rc2 29. Qf4 f6 30. Bb2 Kh8 31. f3 h6 32. Rd2 Qe6 33. Rbd1 Rxd2 1-0

[Event "Gibraltar Masters 2015"]
[Site "Caleta ENG"]
[Date "2015.01.29"]
[Round "3.119"]
[White "Bouxo, Luis Antonio Maximino"]
[Black "Nwoye, Nnamdi"]
[Result "0-1"]
[WhiteElo "1711"]
[BlackElo "2015"]
[WhiteFideId "1904647"]
[BlackFideId "8503311"]
[EventDate "2015.01.27"]

1. d4 Nf6 2. c4 e6 3. Nc3 Bb4 4. Qc2 Nc6 5. Nf3 d6 6. Bg5 h6 7. Bd2 O-O 8. e3
Qe7 9. a3 Bxc3 10. Bxc3 a5 11. Be2 a4 12. Nd2 e5 13. d5 Nb8 14. Nf3 Bg4 15.
O-O-O Nbd7 16. h3 Bh5 17. e4 Bg6 18. Nd2 Nc5 19. f3 c6 20. Nb1 Nb3+ 0-1

[Event "Gibraltar Masters 2015"]
[Site "Caleta ENG"]
[Date "2015.01.29"]
[Round "3.120"]
[White "Nilsen, Martin"]
[Black "Homer, Neil S"]
[Result "1-0"]
[WhiteElo "2011"]
[BlackElo "1716"]
[WhiteFideId "1510657"]
[BlackFideId "418676"]
[EventDate "2015.01.27"]

1. e4 c6 2. d4 d5 3. exd5 cxd5 4. c4 Nf6 5. Nc3 Nc6 6. Bg5 dxc4 7. d5 Ne5 8. Qd4
h6 9. Qxe5 hxg5 10. Bxc4 a6 11. Nf3 g4 12. Ng5 Rh5 13. Qf4 Qd6 14. Qe3 Bf5 15.
f4 gxf3 16. Nxf3 Bg4 17. h3 Bxf3 18. Qxf3 Qe5+ 19. Kd2 Rf5 20. Qe3 Qxe3+ 21.
Kxe3 Rh5 22. g4 Rh8 23. g5 Nh5 24. g6 fxg6 25. Rag1 Rh6 26. Bd3 Nf6 27. Bxg6+
Kd7 28. Bf7 Kd6 29. h4 Rc8 30. Kd4 b5 31. b3 Rc7 32. h5 Rc8 33. Rh2 Rc7 34. a3
Rc8 35. Rc2 Rc7 36. Rgc1 Kd7 37. Be6+ Kd8 38. Nxb5 Rxc2 39. Rxc2 Nd7 40. Na7 Nb6
41. Rc6 1-0

[Event "Gibraltar Masters 2015"]
[Site "Caleta ENG"]
[Date "2015.01.29"]
[Round "3.121"]
[White "Beadle, John R"]
[Black "Green, Per"]
[Result "0-1"]
[WhiteElo "1694"]
[BlackElo "1996"]
[WhiteFideId "402818"]
[BlackFideId "1703811"]
[EventDate "2015.01.27"]

1. e4 c5 2. Nf3 g6 3. d4 cxd4 4. Nxd4 Bg7 5. c3 Nc6 6. Nxc6 bxc6 7. Be3 Nf6 8.
Nd2 d6 9. h3 O-O 10. Bc4 d5 11. exd5 cxd5 12. Bb3 Ba6 13. Nf3 Qa5 14. Nd4 Qc7
15. Bc2 Rab8 16. Rb1 Rxb2 17. Ne2 Rxb1 18. Bxb1 Bxe2 19. Qxe2 Qxc3+ 20. Bd2 Qb2
21. O-O Bh6 22. Qxe7 Bxd2 0-1

[Event "Gibraltar Masters 2015"]
[Site "Caleta ENG"]
[Date "2015.01.29"]
[Round "3.122"]
[White "Moradi, Kimia"]
[Black "Aure, Anders Nilsson"]
[Result "1-0"]
[WhiteElo "1984"]
[BlackElo "1688"]
[WhiteFideId "12500100"]
[BlackFideId "1514059"]
[EventDate "2015.01.27"]

1. e4 c5 2. c3 e6 3. d4 d5 4. exd5 exd5 5. Nf3 Nf6 6. Bb5+ Nc6 7. O-O cxd4 8.
Nxd4 Bd7 9. Re1+ Be7 10. Qe2 Nxd4 11. Bxd7+ Qxd7 12. cxd4 Kd8 13. Nc3 Re8 14.
Qf3 h6 15. Bf4 Bb4 16. Bxh6 Ne4 17. Bxg7 f5 18. Be5 Rg8 19. Nxe4 dxe4 20. Qb3 1-0

[Event "Gibraltar Masters 2015"]
[Site "Caleta ENG"]
[Date "2015.01.29"]
[Round "3.123"]
[White "Kuenitz, Klaus"]
[Black "Odeh, Kenneth"]
[Result "0-1"]
[WhiteElo "1680"]
[BlackElo "1982"]
[WhiteFideId "4640713"]
[BlackFideId "8500142"]
[EventDate "2015.01.27"]

1. d4 Nf6 2. c4 g6 3. Nf3 Bg7 4. Nc3 d5 5. Bf4 O-O 6. e3 c5 7. dxc5 Qa5 8. Rc1
dxc4 9. Bxc4 Qxc5 10. Bb3 Nc6 11. O-O Qb6 12. Qe2 Bg4 13. h3 Bxf3 14. Qxf3 e5
15. Bg5 e4 16. Nxe4 Nxe4 17. Qxe4 Bxb2 18. Rb1 Qa5 19. Qf4 Be5 20. Qh4 Rac8 21.
Rfd1 Qc7 22. f4 Bg7 23. Rbc1 Kh8 24. f5 gxf5 25. Bc2 Qe5 26. Rf1 Nd4 27. exd4
Qxd4+ 28. Kh1 Qxh4 29. Bxh4 Bb2 30. Rxf5 f6 31. Rcf1 Rxc2 32. Bxf6+ Rxf6 33.
Rxf6 Bxf6 34. Rxf6 Rxa2 35. Rf7 Rb2 36. h4 Kg8 37. Rd7 a5 38. h5 a4 39. Kh2 a3
40. Kh3 a2 41. Rd8+ Kg7 42. Ra8 b5 43. g4 b4 44. g5 Rb3+ 45. Kg4 Ra3 46. Rc8
a1=Q 47. Rc7+ Kf8 48. Rc8+ Ke7 49. Rc7+ Kd6 50. Rxh7 0-1

[Event "Gibraltar Masters 2015"]
[Site "Caleta ENG"]
[Date "2015.01.29"]
[Round "3.124"]
[White "Ferreira, Oscar Luiz Vieira"]
[Black "Sajjadi, Kimiya"]
[Result "1-0"]
[WhiteElo "1980"]
[BlackElo "1634"]
[WhiteFideId "2185970"]
[BlackFideId "1516434"]
[EventDate "2015.01.27"]

1. e4 e6 2. d4 d5 3. Nc3 Nf6 4. exd5 exd5 5. Bd3 Bd6 6. Nge2 O-O 7. O-O c6 8.
Bf4 Bg4 9. f3 Bh5 10. Qd2 Bg6 11. Bxd6 Qxd6 12. Nf4 Bxd3 13. Nxd3 Nbd7 14. Ne2
Rfe8 15. Ng3 Nf8 16. Ne5 Ng6 17. f4 h5 18. Qd3 Ne7 19. Rae1 g6 20. f5 Ng4 21.
Nxg4 hxg4 22. f6 Nf5 23. Nxf5 gxf5 24. Qxf5 Qf8 25. Qxg4+ Kh7 26. Qh5+ Kg8 27.
Qg5+ Kh7 28. Rxe8 Rxe8 29. Rf3 Re1+ 30. Kf2 1-0

[Event "Gibraltar Masters 2015"]
[Site "Caleta ENG"]
[Date "2015.01.29"]
[Round "3.125"]
[White "Tveten, Per"]
[Black "Agbabishvili, Lali"]
[Result "0-1"]
[WhiteElo "1601"]
[BlackElo "1978"]
[WhiteFideId "1516701"]
[BlackFideId "2613433"]
[EventDate "2015.01.27"]

1. e4 c5 2. c4 Nc6 3. Nc3 g6 4. Nf3 Bg7 5. g3 d6 6. h3 a6 7. Bg2 Rb8 8. Rb1 b5
9. b3 Nf6 10. d3 O-O 11. O-O Bd7 12. Nd5 e6 13. Nxf6+ Bxf6 14. Bh6 Re8 15. Qd2
e5 16. Bg5 Bxg5 17. Qxg5 Qxg5 18. Nxg5 h6 19. Nf3 Be6 20. Nd2 Nb4 21. cxb5 axb5
22. f4 Nxa2 23. f5 Bd7 24. Rf3 Nb4 25. Rbf1 g5 26. g4 f6 27. Nb1 Ra8 28. Nc3 Bc6
29. h4 Kg7 30. hxg5 hxg5 31. Rh3 Rh8 32. Rff3 Rxh3 33. Rxh3 Ra3 34. Nd5 Bxd5 35.
exd5 Rxb3 36. Be4 Ra3 37. Kg2 Ra2+ 38. Kf1 Nc2 39. Ke2 Nd4+ 40. Kd1 b4 41. Rg3
b3 42. Kc1 Ne2+ 0-1

[Event "Gibraltar Masters 2015"]
[Site "Caleta ENG"]
[Date "2015.01.29"]
[Round "3.126"]
[White "Klyszcz, Michael"]
[Black "Gouait, Raymond"]
[Result "1-0"]
[WhiteElo "1975"]
[BlackElo "1595"]
[WhiteFideId "4655168"]
[BlackFideId "20621604"]
[EventDate "2015.01.27"]

1. Nf3 Nf6 2. g3 b6 3. Bg2 Bb7 4. O-O g6 5. d4 Bg7 6. c4 e6 7. Nc3 d6 8. Re1
Nbd7 9. e4 e5 10. d5 O-O 11. h4 a6 12. Nh2 Nh5 13. Bf3 Ndf6 14. Bg5 Qd7 15. Ng4
Bc8 16. Nh2 h6 17. Be3 Kh7 18. Rb1 a5 19. a3 Ba6 20. b3 Rfd8 21. Qc2 Bc8 22. b4
Bb7 23. c5 bxc5 24. bxc5 Qc8 25. c6 Ba6 26. Nb5 Rf8 27. a4 Qd8 28. Qd2 Bc8 29.
Ba7 Qe7 30. Qxa5 Ne8 31. Qd2 f5 32. exf5 Bxf5 33. Rb4 Bh3 34. Be3 Rf7 35. Qd1
Nhf6 36. h5 g5 37. Qd3+ Kh8 38. Nc3 Ng8 39. g4 Qf8 40. Bd1 Ngf6 41. Bc2 e4 42.
Nxe4 Nxe4 43. Rxe4 Be5 44. Bd4 Nf6 45. Rxe5 dxe5 46. Bxe5 Kg8 47. Bxf6 1-0

[Event "Gibraltar Masters 2015"]
[Site "Caleta ENG"]
[Date "2015.01.30"]
[Round "4.10"]
[White "Bogner, Sebastian"]
[Black "Jakovenko, Dmitry"]
[Result "1/2-1/2"]
[WhiteTitle "GM"]
[BlackTitle "GM"]
[WhiteElo "2565"]
[BlackElo "2733"]
[WhiteFideId "4692055"]
[BlackFideId "4122356"]
[EventDate "2015.01.27"]

1. d4 Nf6 2. c4 e6 3. Nc3 Bb4 4. e3 O-O 5. Ne2 Re8 6. a3 Bf8 7. Ng3 d5 8. Be2 c5
9. dxc5 dxc4 10. Bxc4 Qxd1+ 11. Kxd1 Bxc5 12. Ke2 Rd8 13. b4 Be7 14. Bb2 Nbd7
15. Rhd1 Nb6 16. Rxd8+ Bxd8 17. Bd3 a5 18. Nge4 Be7 19. Nc5 axb4 20. axb4 Rxa1
21. Bxa1 Nbd5 22. Nxd5 Nxd5 23. Be4 b6 24. Bxd5 bxc5 25. Bc4 cxb4 26. Kd3 Bd7
27. Bd4 g5 28. e4 h5 29. Bb6 Bd6 30. h3 Kg7 31. Kd4 f6 32. Bc5 Be5+ 33. Kd3 Bc3
34. Bd4 Bxd4 35. Kxd4 Kf7 36. Kc5 Ke7 37. Kxb4 Kd6 38. Kc3 Ke5 39. Kd3 Kf4 40.
Kd4 Bc8 41. Kc5 Kxe4 42. Kd6 e5 43. Ke7 f5 44. Kf6 Kf4 45. g3+ Kf3 46. Kxe5 Kxf2
47. h4 gxh4 48. gxh4 Kg3 49. Be2 f4 50. Bxh5 Bg4 51. Bf7 f3 52. Bc4 f2 53. Ke4
Kxh4 54. Kf4 Bd1 55. Bf1 Bh5 56. Bg2 Be2 57. Bf1 1/2-1/2

[Event "Gibraltar Masters 2015"]
[Site "Caleta ENG"]
[Date "2015.01.30"]
[Round "4.12"]
[White "Jones, Gawain C B"]
[Black "Oparin, Grigoriy"]
[Result "0-1"]
[WhiteTitle "GM"]
[BlackTitle "GM"]
[WhiteElo "2671"]
[BlackElo "2551"]
[WhiteFideId "409561"]
[BlackFideId "24125890"]
[EventDate "2015.01.27"]

1. e4 c5 2. Nf3 d6 3. d4 cxd4 4. Nxd4 Nf6 5. Nc3 a6 6. Be3 e5 7. Nb3 Be6 8. h3
Nbd7 9. g4 b5 10. g5 b4 11. gxf6 bxc3 12. fxg7 Bxg7 13. bxc3 Qc7 14. Qd3 Bf6 15.
h4 Be7 16. Bh3 Bc4 17. Qd1 Nf6 18. Nd2 Bb5 19. c4 Bxc4 20. Nxc4 Qxc4 21. f3 Nh5
22. Qd3 Qb4+ 23. Kf2 Nf4 24. Bxf4 exf4 25. Ke2 Qc5 26. h5 Bf6 27. Rab1 O-O 28.
Bf5 Kh8 29. Rb7 Rg8 30. Bg4 Raf8 31. Rd7 Be5 32. Rb1 Rb8 33. Rdb7 Rxb7 34. Rxb7
Qg1 35. c3 Qg2+ 36. Kd1 Qxa2 37. Qd5 Qa1+ 38. Ke2 Qxc3 39. Qb3 Qxb3 40. Rxb3 Kg7
41. Rb7 a5 42. Kd3 Ra8 43. Be6 a4 44. Bxf7 a3 45. Ba2+ Kh6 46. Rc7 Kg5 47. Rxh7
Rc8 48. Ra7 Rc3+ 49. Kd2 Rxf3 50. Bc4 Rc3 51. Be6 Kxh5 52. Rh7+ Kg5 53. Rh1 Rg3
54. Rh2 Bd4 55. Rh7 f3 56. Rf7 f2 57. Rf5+ Kh6 58. Bc4 Rg1 59. Ra5 f1=Q 60. Bxf1
Rxf1 61. Rxa3 Rf2+ 62. Ke1 Rf4 63. Rh3+ Kg5 64. Ke2 Rxe4+ 65. Kd3 Rg4 0-1

[Event "Gibraltar Masters 2015"]
[Site "Caleta ENG"]
[Date "2015.01.30"]
[Round "4.13"]
[White "Mikhalevski, Victor"]
[Black "Howell, David W L"]
[Result "0-1"]
[WhiteTitle "GM"]
[BlackTitle "GM"]
[WhiteElo "2571"]
[BlackElo "2670"]
[WhiteFideId "2801914"]
[BlackFideId "410608"]
[EventDate "2015.01.27"]

1. Nf3 e6 2. c4 d5 3. g3 dxc4 4. Qa4+ Nd7 5. Bg2 a6 6. Qxc4 b5 7. Qc6 Rb8 8. Qc2
Bb7 9. d3 Ngf6 10. O-O Be7 11. Nd4 Bxg2 12. Kxg2 Rb6 13. a4 c5 14. Nf3 O-O 15.
Bd2 Qb8 16. axb5 axb5 17. Nc3 Rc8 18. b3 Qb7 19. Ra5 Ne5 20. Rfa1 Nc6 21. Qa2
Nxa5 22. Qxa5 Nd5 23. Nxd5 exd5 24. Be3 d4 25. Bc1 Re6 26. Ra2 Re8 27. Kf1 h6
28. Ng1 b4 29. f3 Bf8 30. Kf2 Qd5 31. Qa4 h5 32. Nh3 Bd6 33. Ng5 R6e7 34. Ne4 h4
35. Bg5 hxg3+ 36. hxg3 Re6 37. g4 Rf8 38. Bd2 f5 39. gxf5 Qxf5 40. Ra1 Qh3 41.
Rg1 Rxe4 42. dxe4 Qh2+ 43. Kf1 d3 0-1

[Event "Gibraltar Masters 2015"]
[Site "Caleta ENG"]
[Date "2015.01.30"]
[Round "4.16"]
[White "Popilski, Gil"]
[Black "Anton Guijarro, David"]
[Result "0-1"]
[WhiteTitle "GM"]
[BlackTitle "GM"]
[WhiteElo "2522"]
[BlackElo "2617"]
[WhiteFideId "2809060"]
[BlackFideId "2285525"]
[EventDate "2015.01.27"]

1. e4 e5 2. Nf3 Nc6 3. Bb5 a6 4. Ba4 Nf6 5. O-O Be7 6. Re1 b5 7. Bb3 d6 8. a4
Bg4 9. c3 O-O 10. d3 Na5 11. Ba2 c5 12. Bg5 b4 13. Nbd2 Nd7 14. Bxe7 Qxe7 15.
cxb4 cxb4 16. d4 exd4 17. h3 Bh5 18. g4 Bg6 19. Nxd4 Qf6 20. Nf1 Ne5 21. Bd5
Rac8 22. Qe2 Nac6 23. Nxc6 Nxc6 24. Bxc6 Rxc6 25. Rac1 Rxc1 26. Rxc1 h5 27. Ng3
hxg4 28. hxg4 a5 29. b3 Qf4 30. Rc6 Re8 31. Qb5 Qxg4 32. Rc4 Re5 33. Qb8+ Kh7
34. Rc8 Bxe4 35. Rh8+ Kg6 36. Qxd6+ Re6 37. Qc5 Bf3 38. Kh2 f5 39. Qc8 f4 40.
Rh3 Bd5 41. Qf8 Re1 42. f3 Qg5 43. Qb8 Qf6 0-1

[Event "Gibraltar Masters 2015"]
[Site "Caleta ENG"]
[Date "2015.01.30"]
[Round "4.17"]
[White "Lenderman, Aleksandr"]
[Black "Boruchovsky, Avital"]
[Result "1-0"]
[WhiteTitle "GM"]
[BlackTitle "GM"]
[WhiteElo "2614"]
[BlackElo "2517"]
[WhiteFideId "2021285"]
[BlackFideId "2800055"]
[EventDate "2015.01.27"]

1. c4 Nf6 2. Nc3 e5 3. Nf3 Nc6 4. a3 d5 5. cxd5 Nxd5 6. Qc2 Be7 7. e3 O-O 8.
Nxd5 Qxd5 9. Bd3 Kh8 10. Be4 Qd6 11. b4 f5 12. Bxc6 bxc6 13. Bb2 e4 14. Nd4 c5
15. Qxc5 Qxc5 16. bxc5 Rb8 17. Bc3 Bxc5 18. O-O Bd6 19. Rfc1 c5 20. Nc6 Rb6 21.
Nxa7 Bd7 22. a4 Ra8 23. Nb5 Bb8 24. Rcb1 Raa6 25. a5 Rh6 26. g3 f4 27. exf4 Bxf4
28. Na3 Bh3 29. Rb7 Rhg6 30. Re1 h5 31. Nc4 Bh6 32. Ne5 Rge6 33. Rxe4 Kh7 34.
Rh4 Bf5 35. Rxh5 Be4 36. Rc7 Re8 37. f3 Ba8 38. g4 1-0

[Event "Gibraltar Masters 2015"]
[Site "Caleta ENG"]
[Date "2015.01.30"]
[Round "4.18"]
[White "Tarjan, James E"]
[Black "Bologan, Viktor"]
[Result "0-1"]
[WhiteTitle "GM"]
[BlackTitle "GM"]
[WhiteElo "2518"]
[BlackElo "2608"]
[WhiteFideId "2000180"]
[BlackFideId "13900048"]
[EventDate "2015.01.27"]

1. c4 e5 2. Nc3 Bb4 3. Nd5 Bc5 4. e3 c6 5. d4 Bd6 6. Nc3 Bc7 7. dxe5 Bxe5 8. Qc2
Nf6 9. Nf3 Bc7 10. b3 d5 11. Bb2 dxc4 12. Ba3 cxb3 13. Qxb3 Be6 14. Bc4 Bxc4 15.
Qxc4 b5 16. Qb3 Qd3 17. Rd1 Qc4 18. Qxc4 bxc4 19. Ke2 Nbd7 20. Nd4 Ba5 21. Rc1
c5 22. Nc6 Bxc3 23. Rxc3 Nb6 24. Na5 O-O-O 25. Nxc4 Ne4 26. Nxb6+ axb6 27. Rc2
Kc7 28. Bb2 f6 29. a4 Ra8 30. Rc4 Rhe8 31. Ra1 Kc6 32. Ra3 Re7 33. f3 Nd6 34.
Rf4 Rea7 35. Bc3 Kd5 36. Ra1 Kc6 37. g4 Re8 38. h4 Rae7 39. Bd2 Re6 40. g5 f5
41. Kd3 g6 42. Re1 Ra8 43. Ra1 Re7 44. Bc3 Rd8 45. Ke2 Rde8 46. Bd2 Nf7 47. Ra3
Rd7 48. Rd3 Rxd3 49. Kxd3 Rd8+ 50. Kc2 Ne5 51. Bc3 Nd3 52. Bf6 Rd7 53. Rc4 b5
54. axb5+ Kxb5 55. Kb3 Ne1 56. f4 Nf3 57. Rc3 c4+ 58. Kb2 Rd2+ 59. Rc2 Rxc2+ 60.
Kxc2 Nxh4 61. Kd2 Kc5 62. Ke2 Kd5 63. Bc3 Ke4 64. Be1 Nf3 65. Bb4 Nh2 66. Bc3
Ng4 67. Bd2 h5 0-1

[Event "Gibraltar Masters 2015"]
[Site "Caleta ENG"]
[Date "2015.01.30"]
[Round "4.19"]
[White "Salem, A.R. Saleh"]
[Black "Blomqvist, Erik"]
[Result "1-0"]
[WhiteTitle "GM"]
[BlackTitle "GM"]
[WhiteElo "2603"]
[BlackElo "2520"]
[WhiteFideId "9301348"]
[BlackFideId "1709437"]
[EventDate "2015.01.27"]

1. d4 d5 2. c4 c6 3. Nf3 Nf6 4. Nc3 dxc4 5. a4 Bf5 6. Ne5 Nbd7 7. Nxc4 Qc7 8. g3
e5 9. dxe5 Nxe5 10. Bf4 Nfd7 11. Bg2 g5 12. Ne3 gxf4 13. Nxf5 O-O-O 14. Qc2 Kb8
15. O-O fxg3 16. hxg3 h5 17. e3 Nf6 18. Rfd1 Re8 19. Rac1 Neg4 20. Nb5 Qb6 21.
Nbd4 Re5 22. Qd3 Bc5 23. a5 Qxa5 24. b4 Bxb4 25. Nxc6+ bxc6 26. Nd4 Re6 27.
Nxc6+ Rxc6 28. Rxc6 Ne5 29. Qc2 Nfd7 30. Rc4 Nxc4 31. Rxd7 Qc5 32. Qe4 1-0

[Event "Gibraltar Masters 2015"]
[Site "Caleta ENG"]
[Date "2015.01.30"]
[Round "4.20"]
[White "Ganguly, Surya Shekhar"]
[Black "Vishnu Prasanna, V"]
[Result "1/2-1/2"]
[WhiteTitle "GM"]
[BlackTitle "GM"]
[WhiteElo "2595"]
[BlackElo "2463"]
[WhiteFideId "5002150"]
[BlackFideId "5030692"]
[EventDate "2015.01.27"]

1. e4 e5 2. Nf3 Nc6 3. Bb5 a6 4. Ba4 Nf6 5. O-O Be7 6. Re1 b5 7. Bb3 d6 8. c3
O-O 9. h3 Bb7 10. d4 Re8 11. Nbd2 Bf8 12. a3 g6 13. Ba2 Bg7 14. b4 exd4 15. cxd4
a5 16. Qb3 axb4 17. axb4 d5 18. e5 Nd7 19. Qxd5 Ndxe5 20. Nxe5 Qxd5 21. Bxd5
Rxa1 22. Bxf7+ Kf8 23. Bxe8 Nxe5 24. Bxb5 Nc6 25. Nb3 Rb1 26. Nd2 Ra1 27. Nf3 h6
28. Bc4 g5 29. Bd5 Nxd4 30. Bxb7 Rxc1 31. Rxc1 Ne2+ 32. Kf1 Nxc1 33. h4 Bf6 34.
hxg5 hxg5 35. Nd2 Nd3 36. b5 Nc5 37. Bc6 Ke7 38. Ke2 Ke6 39. Ke3 Be7 40. Kd4 Bf8
41. Nc4 Nb3+ 42. Kc3 Nc5 43. Nd2 Be7 44. Kd4 Bf8 45. g3 Be7 46. Bd5+ Kf5 47. Bg2
Na4 48. Ne4 Bf8 49. Kd5 Bg7 50. Kc6 Nc3 51. Nc5 Bd4 52. Nd3 g4 53. f3 Bb6 54.
Nf4 Bf2 55. Nh5 Kg5 56. Ng7 gxf3 57. Bxf3 Bxg3 58. Ne6+ Kf6 59. Nxc7 Bxc7 60.
Kxc7 Nxb5+ 1/2-1/2

[Event "Gibraltar Masters 2015"]
[Site "Caleta ENG"]
[Date "2015.01.30"]
[Round "4.21"]
[White "Plotkin, Victor"]
[Black "Mareco, Sandro"]
[Result "1/2-1/2"]
[WhiteTitle "FM"]
[BlackTitle "GM"]
[WhiteElo "2306"]
[BlackElo "2583"]
[WhiteFideId "2606674"]
[BlackFideId "112275"]
[EventDate "2015.01.27"]

1. e4 c5 2. c3 Nf6 3. e5 Nd5 4. d4 cxd4 5. Nf3 e6 6. cxd4 d6 7. Bd3 Nc6 8. O-O
Be7 9. Nc3 Nxc3 10. bxc3 dxe5 11. dxe5 Qc7 12. Qe2 b6 13. Re1 h6 14. Nd2 Na5 15.
Nb3 Bb7 16. Nxa5 bxa5 17. Rb1 Rd8 18. Be3 O-O 19. Bxa7 Qc6 20. Be4 Qxe4 21. Qxe4
Bxe4 22. Rxe4 Rd2 23. Ra4 Rfd8 24. g3 R8d5 25. Rb8+ Kh7 26. Rb7 Bc5 27. Bxc5
Rxc5 28. Rxf7 Rxe5 29. Rg4 Rg5 30. Rxg5 hxg5 31. Re7 Rxa2 32. Rxe6 Rc2 33. Re5
Kg6 34. Rxa5 Rxc3 35. Ra4 Kf5 36. h3 Kf6 37. Kg2 Rb3 38. Re4 Kf5 39. Re3 Rb2 40.
Kf3 Ra2 41. Rb3 Kf6 42. Rb6+ Kf7 43. Rd6 Rb2 44. Ra6 Rc2 45. Rd6 Ra2 46. Ke3 Rb2
47. Rd2 Rb4 48. f3 Ke6 49. Rc2 Rb3+ 50. Ke4 Rb4+ 51. Kd3 Rb3+ 52. Rc3 Rb1 53.
Rc6+ Kf5 54. Rc5+ Kf6 55. h4 Rb3+ 56. Ke2 Rb2+ 57. Kf1 gxh4 58. gxh4 g6 59. Rc4
Kf5 60. Rg4 Ra2 61. Kg1 Rb2 1/2-1/2